[Event "2. Offene Bochumer StEM 2011"]
[Site "?"]
[Date "2011.10.06"]
[Round "5.2"]
[White "Goralski, Christian"]
[Black "Quast, Marcel"]
[Result "1-0"]
[WhiteElo "2074"]
[BlackElo "2142"]
[PlyCount "57"]

1. e4 e5 2. Nf3 d6 3. d4 exd4 4. Nxd4 Nf6 5. Nc3 Be7 6. Bf4 O-O 7. Be2 Re8 8.
Qd2 Nc6 9. O-O-O Nxd4 10. Qxd4 Be6 11. h4 a6 12. Qe3 Nd7 13. Qg3 Bf6 14. Bg5 b5
15. f4 b4 16. Nd5 Bxd5 17. Rxd5 Qe7 18. Bf3 Rab8 19. e5 Bxg5 20. hxg5 dxe5 21.
Qh3 Nf8 22. Rxe5 Qd6 23. Rd1 Qb6 24. Qf5 Ng6 25. Rxe8+ Rxe8 26. Bd5 Qe3+ 27.
Kb1 Re7 28. Bb3 Qe4 29. Bxf7+ 1-0

[Event "2. Offene Bochumer StEM 2011"]
[Site "?"]
[Date "2011.10.06"]
[Round "5.3"]
[White "Winterkamp, Sascha"]
[Black "Melmer, Felix"]
[Result "0-1"]
[WhiteElo "1942"]
[BlackElo "1907"]
[PlyCount "54"]

1. d4 d5 2. c3 e6 3. Nf3 Bd6 4. Bg5 f6 5. Bh4 c5 6. e3 Nc6 7. Bd3 c4 8. Bc2 g5
9. Bg3 g4 10. Nfd2 f5 11. b3 b5 12. Qe2 h5 13. e4 fxe4 14. Bxe4 dxe4 15. Qxe4
Nge7 16. Bh4 cxb3 17. axb3 Bd7 18. O-O O-O 19. g3 Qe8 20. Qe3 Qg6 21. Ne4 Nf5
22. Qe2 Nxh4 23. gxh4 Be7 24. Ra6 b4 25. c4 Nxd4 26. Qd3 Nf3+ 27. Kh1 Bc8 0-1

[Event "2. Offene Bochumer StEM 2011"]
[Site "?"]
[Date "2011.10.06"]
[Round "5.4"]
[White "Mancic, Ivan"]
[Black "Herrmann, Uwe"]
[Result "0-1"]
[WhiteElo "1976"]
[BlackElo "1894"]
[PlyCount "88"]

1. d4 Nf6 2. c4 g6 3. g3 Bg7 4. Bg2 O-O 5. e4 d6 6. Ne2 e5 7. O-O Bg4 8. f3 Bd7
9. Nbc3 Nc6 10. d5 Ne7 11. Be3 h6 12. Qd2 Kh7 13. b4 Qc8 14. c5 Bh3 15. cxd6
cxd6 16. Nb5 Bxg2 17. Kxg2 Qd7 18. a4 a6 19. Na3 Rac8 20. b5 axb5 21. Nxb5 Ne8
22. Nec3 f5 23. Na7 Rc4 24. Qd3 Rb4 25. Rab1 Rxb1 26. Rxb1 Nf6 27. Qb5 fxe4 28.
fxe4 Qg4 29. h3 Qh5 30. Qd3 Nfxd5 31. Nxd5 Nxd5 32. g4 Nxe3+ 33. Qxe3 Qh4 34.
Rxb7 Qf6 35. Rb1 Qf7 36. Re1 Qa2+ 37. Qe2 Qxa4 38. Nb5 Rc8 39. Kh1 Rc2 40. Qf1
Qb4 41. Rd1 Qxe4+ 42. Kg1 Qe3+ 43. Kh1 Rf2 44. Qd3 Qf4 0-1

[Event "2. Offene Bochumer StEM 2011"]
[Site "?"]
[Date "2011.10.06"]
[Round "5.5"]
[White "Pewny, Uwe"]
[Black "Schmidt, Ralph"]
[Result "1-0"]
[WhiteElo "2187"]
[BlackElo "1923"]
[PlyCount "131"]

1. Nf3 g6 2. c4 Bg7 3. Nc3 c5 4. d4 cxd4 5. Nxd4 Nc6 6. Nb3 d6 7. g3 Be6 8. Nd5
Rc8 9. Bg2 Ne5 10. Nd4 Nxc4 11. Nxe6 fxe6 12. Qa4+ Qd7 13. Qxd7+ Kxd7 14. Nf4
Rf8 15. Bh3 Rf6 16. Nd5 Rf8 17. Rb1 Be5 18. b3 Nb6 19. Nxb6+ axb6 20. O-O Nf6
21. Bg2 Nd5 22. Bd2 b5 23. a4 Bc3 24. Bh6 Rc8 25. axb5 Rc5 26. Rfc1 Rhc8 27.
Bf1 Nc7 28. Be3 Nxb5 29. Bxc5 Rxc5 30. b4 Rc7 31. e3 Na7 32. Rb3 Bf6 33. Rxc7+
Kxc7 34. Ra3 Kb6 35. b5 Bb2 36. Ra4 Bf6 37. Bd3 e5 38. e4 Bg5 39. Ra2 Bc1 40.
Kf1 Bg5 41. Rc2 Bh6 42. Ke2 Bg5 43. Bc4 Bf6 44. Rb2 Kc5 45. Kd3 Bg7 46. Ra2 Kb6
47. Kc3 Bf6 48. Kb4 Bg5 49. Bd3 Bh6 50. Rc2 Bg5 51. Be2 Bh6 52. Kc4 Bg5 53. Kd5
Bf6 54. h4 h5 55. Rb2 Ka5 56. Ke6 g5 57. hxg5 Bxg5 58. Kd7 Kb6 59. Bxh5 Ka5 60.
Be2 Kb6 61. Ke6 Bc1 62. Rc2 Bg5 63. Kf5 Bf6 64. Kg6 Ka5 65. f4 Kb4 66. f5 1-0

[Event "2. Offene Bochumer StEM 2011"]
[Site "?"]
[Date "2011.10.06"]
[Round "5.6"]
[White "Meise, Ulrich"]
[Black "Jellinghaus, Lars"]
[Result "0-1"]
[WhiteElo "1890"]
[BlackElo "2084"]
[PlyCount "60"]

1. e4 e6 2. d4 d5 3. Nc3 Nf6 4. e5 Nfd7 5. Nf3 c5 6. Bb5 a6 7. Bxd7+ Bxd7 8.
O-O Nc6 9. Ne2 Qc7 10. Re1 Be7 11. c3 O-O 12. Ng3 cxd4 13. cxd4 Qb6 14. a3 Na5
15. b4 Nc4 16. Ng5 f6 17. exf6 Bxf6 18. Nf3 Be8 19. Ra2 a5 20. bxa5 Rxa5 21.
Qd3 Bg6 22. Qc3 Rfa8 23. h4 Rb5 24. h5 Rb3 25. Qa1 Bf7 26. Bg5 Rxf3 27. gxf3
Bxg5 28. Rb1 Qc7 29. Qc3 b6 30. Rb3 Qf4 0-1

[Event "2. Offene Bochumer StEM 2011"]
[Site "?"]
[Date "2011.10.06"]
[Round "5.7"]
[White "Klüting, Reiner"]
[Black "Sondermann, Dirk"]
[Result "1/2-1/2"]
[WhiteElo "1939"]
[BlackElo "1788"]
[PlyCount "59"]

1. e4 d6 2. d4 g6 3. Nc3 Bg7 4. Bg5 a6 5. Qd2 Nd7 6. Nf3 b5 7. a4 b4 8. Ne2 Bb7
9. Ng3 h6 10. Be3 a5 11. Bd3 e5 12. c3 bxc3 13. bxc3 Ba6 14. O-O Bxd3 15. Qxd3
Ne7 16. Nd2 O-O 17. f4 exd4 18. cxd4 Nc6 19. f5 Nb4 20. Qc4 d5 21. Qb3 c5 22.
fxg6 cxd4 23. Rxf7 Rxf7 24. gxf7+ Kxf7 25. Rf1+ Kg8 26. Bf4 Nc5 27. Qf3 dxe4
28. Ndxe4 Nxe4 29. Nxe4 Ra6 30. Bd2 1/2-1/2

[Event "2. Offene Bochumer StEM 2011"]
[Site "?"]
[Date "2011.10.06"]
[Round "5.8"]
[White "Gawlick, Joachim"]
[Black "Maczkowiak, Thomas"]
[Result "1/2-1/2"]
[WhiteElo "1865"]
[BlackElo "1835"]
[PlyCount "99"]

1. d4 Nf6 2. Nf3 d5 3. c4 g6 4. Nc3 Bg7 5. g3 O-O 6. Bg2 c6 7. O-O Nbd7 8. c5
Ne4 9. Nxe4 dxe4 10. Ng5 e5 11. Nxe4 exd4 12. Bf4 Nf6 13. Nd6 Ne8 14. Qb3 Nxd6
15. Bxd6 Re8 16. Rfe1 Qd7 17. Rad1 Qe6 18. Qa4 Qf5 19. b4 Be6 20. e4 dxe3 21.
Rxe3 Bc4 22. Rf3 Qe6 23. Re3 Qf5 24. Rf3 Qe6 25. Re3 Qf5 26. Be7 a6 27. Be4 Qg4
28. Bf3 Qh3 29. Qc2 Be6 30. Bg2 Qf5 31. Be4 Qh3 32. Bg5 Qg4 33. Bf4 Qh3 34. a4
Rad8 35. b5 axb5 36. axb5 Bg4 37. Rd6 Bf8 38. Bg2 Qh5 39. f3 Bf5 40. Qd2 Bxd6
41. Rxe8+ Rxe8 42. cxd6 Bd7 43. bxc6 Qc5+ 44. Kh1 bxc6 45. h4 Qf5 46. Kh2 Qe6
47. Qd4 Qd5 48. Qf6 Qe6 49. Qd4 Qd5 50. Qf6 1/2-1/2

[Event "2. Offene Bochumer StEM 2011"]
[Site "?"]
[Date "2011.10.06"]
[Round "5.9"]
[White "Kiese, Matthias"]
[Black "Ishar, Bing"]
[Result "1-0"]
[WhiteElo "2104"]
[BlackElo "1474"]
[PlyCount "65"]

1. d4 d5 2. Nf3 e6 3. c4 Be7 4. Nc3 Nf6 5. cxd5 exd5 6. Bg5 O-O 7. Qc2 h6 8.
Bh4 Nbd7 9. e3 c6 10. Bd3 Re8 11. O-O Ne4 12. Bxe4 Bxh4 13. Bh7+ Kh8 14. Bf5
Bf6 15. b4 Nf8 16. Rfc1 a6 17. Na4 Bd7 18. Nc5 Rb8 19. a4 g6 20. Bxd7 Nxd7 21.
Nd3 Re6 22. Qb3 b6 23. b5 axb5 24. axb5 c5 25. Qxd5 cxd4 26. exd4 Nc5 27. Qc4
Nxd3 28. Qxd3 Rd6 29. Ra7 Bxd4 30. Qc4 Bxf2+ 31. Kxf2 Rd2+ 32. Nxd2 Qxd2+ 33.
Kf1 1-0

[Event "2. Offene Bochumer StEM 2011"]
[Site "?"]
[Date "2011.10.06"]
[Round "5.10"]
[White "Budszuhn, Timo"]
[Black "Tuscher, Albin"]
[Result "1-0"]
[WhiteElo "1938"]
[BlackElo "1673"]
[PlyCount "93"]

1. e4 e6 2. d4 d5 3. Nc3 Nf6 4. e5 Nfd7 5. f4 c5 6. Nf3 cxd4 7. Nxd4 Nc6 8. Be3
Nxd4 9. Bxd4 a6 10. Be2 Bc5 11. O-O Qb6 12. Bxc5 Nxc5 13. Qd4 Bd7 14. Kh1 Na4
15. Qxb6 Nxb6 16. g4 Bc6 17. Bf3 Nc4 18. Rf2 Nxb2 19. f5 Rc8 20. Ne2 Nc4 21.
Nd4 Ke7 22. Re1 g6 23. Bg2 Rhf8 24. h4 Bd7 25. Bh3 Na3 26. Re3 Nb5 27. Nf3 Bc6
28. Kh2 Bd7 29. Ng5 h6 30. Nh7 Rfd8 31. fxg6 fxg6 32. Ref3 Rh8 33. Rf7+ Kd8 34.
Nf8 Rc7 35. Nxg6 Re8 36. Rh7 Bc8 37. Rxh6 Nc3 38. g5 Ne4 39. Rg2 Rf7 40. h5 Rg7
41. Rg4 Nf2 42. Rf4 Nxh3 43. Kxh3 Reg8 44. Kh4 Bd7 45. Rf8+ Be8 46. Rxg8 Rxg8
47. Nf4 1-0

[Event "2. Offene Bochumer StEM 2011"]
[Site "?"]
[Date "2011.10.06"]
[Round "5.11"]
[White "Bautz, Volker"]
[Black "Jedner, Volker"]
[Result "0-1"]
[WhiteElo "1826"]
[BlackElo "1793"]
[PlyCount "82"]

1. g3 Nf6 2. Bg2 g6 3. f4 Bg7 4. Nf3 d5 5. d3 c6 6. O-O O-O 7. h3 Nbd7 8. Nbd2
Re8 9. e4 dxe4 10. dxe4 e5 11. Nc4 Nxe4 12. Kh2 exf4 13. Bxf4 Nb6 14. Qxd8 Rxd8
15. Bc7 Re8 16. Nfe5 Nxc4 17. Nxc4 f5 18. Rad1 Be6 19. b3 Nc3 20. Rd3 Bxc4 21.
bxc4 Re2 22. Ba5 Rxc2 23. Re1 Ne4 24. Bc7 Rc8 25. Rd7 Nf6 26. Rd8+ Rxd8 27.
Bxd8 Ne4 28. Bc7 Rxc4 29. g4 Kf7 30. gxf5 gxf5 31. Bf3 Ke6 32. Bd8 Be5+ 33. Kg2
Ra4 34. Re2 Nc3 35. Re3 Rxa2+ 36. Kf1 Ra1+ 37. Kg2 Ra2+ 38. Kf1 Nd5 39. Re1 Ra1
40. Bd1 Rxd1 41. Rxd1 Ne3+ 0-1

[Event "2. Offene Bochumer StEM 2011"]
[Site "?"]
[Date "2011.10.06"]
[Round "5.12"]
[White "Schulz, Wolfgang"]
[Black "Berens, Thomas"]
[Result "0-1"]
[WhiteElo "1000"]
[BlackElo "1891"]
[PlyCount "78"]

1. e4 c5 2. Nf3 d6 3. Nc3 Nf6 4. d4 cxd4 5. Nxd4 a6 6. Nf5 Nxe4 7. Qf3 Nxc3 8.
bxc3 Bxf5 9. Qxf5 g6 10. Qd5 Nc6 11. Bc4 e6 12. Qf3 Bg7 13. O-O O-O 14. Ba3 Qc7
15. Rad1 Rfd8 16. Qg3 Ne5 17. Bxe6 fxe6 18. Qh3 Nc4 19. Qxe6+ Qf7 20. Qxf7+
Kxf7 21. Bc1 Bxc3 22. Bg5 Bf6 23. f4 Ne3 24. Rb1 Nxf1 25. Rxb7+ Ke6 26. Kxf1
Bxg5 27. fxg5 Rf8+ 28. Kg1 Rab8 29. Rxb8 Rxb8 30. Kf2 Ke5 31. Ke3 d5 32. Kd3
Rb4 33. g3 Rd4+ 34. Ke3 Rd1 35. Ke2 Ra1 36. h4 Ke4 37. g4 d4 38. h5 Rxa2 39.
Kd2 d3 0-1

[Event "2. Offene Bochumer StEM 2011"]
[Site "?"]
[Date "2011.10.06"]
[Round "5.13"]
[White "Böcker, Marcus"]
[Black "Domnik, Roland"]
[Result "0-1"]
[WhiteElo "1256"]
[BlackElo "1697"]
[PlyCount "90"]

1. e4 c5 2. f4 Nc6 3. Nf3 e6 4. Bb5 Be7 5. g3 Qc7 6. e5 a6 7. Bxc6 Qxc6 8. d3
b5 9. Nbd2 Bb7 10. Rf1 Nh6 11. h3 Nf5 12. Ne4 O-O-O 13. Bd2 d5 14. exd6 Nxd6
15. Ne5 Qd5 16. Nxd6+ Bxd6 17. Nxf7 Rhf8 18. Nxd8 Kxd8 19. Ba5+ Kd7 20. Qe2 e5
21. Qg4+ Kc6 22. Qf3 exf4 23. Qxd5+ Kxd5 24. O-O-O b4 25. c4+ Kd4 26. Kc2 fxg3
27. Rxf8 Bxf8 28. Bc7 g2 29. Rg1 Be7 30. Kd2 Bg5+ 31. Ke2 Be3 32. Rxg2 Bxg2 33.
h4 Bh3 34. Be5+ Kxe5 35. Kxe3 Bf1 36. a3 a5 37. axb4 axb4 38. b3 g6 39. d4+
cxd4+ 40. Kf2 Bd3 41. Ke1 Bc2 42. c5 Bxb3 43. c6 Kd6 44. c7 Kxc7 45. Kd2 Bc4
0-1

[Event "2. Offene Bochumer StEM 2011"]
[Site "?"]
[Date "2011.10.06"]
[Round "5.14"]
[White "Kempken, Reinhold"]
[Black "Ulrich, Robin"]
[Result "0-1"]
[WhiteElo "1585"]
[BlackElo "1532"]
[PlyCount "80"]

1. e4 c5 2. d4 cxd4 3. c3 Nf6 4. e5 Nd5 5. cxd4 d6 6. f4 e6 7. Nf3 Nc6 8. Nc3
Nxc3 9. bxc3 dxe5 10. fxe5 Be7 11. Bd3 b6 12. Qc2 Bb7 13. O-O Rc8 14. Qb1 h6
15. h3 O-O 16. Be3 Na5 17. Qe1 Nc4 18. Bxc4 Rxc4 19. Qg3 Kh8 20. Bd2 Ba3 21.
Bxh6 gxh6 22. Qf4 Kh7 23. h4 Be7 24. Rac1 f5 25. Nd2 Rg8 26. Nf3 Rg4 27. Qd2
Bxh4 28. Qd3 Rc7 29. c4 Bg5 30. Rc3 Be4 31. Qd1 Bxf3 32. Rfxf3 Qxd4+ 33. Qxd4
Rxd4 34. g3 Rcxc4 35. Rxc4 Rxc4 36. Rd3 Rc1+ 37. Kf2 Rc2+ 38. Kf3 Rxa2 39. Rd7+
Kg6 40. Rb7 Ra3+ 0-1

[Event "2. Offene Bochumer StEM 2011"]
[Site "?"]
[Date "2011.10.06"]
[Round "5.15"]
[White "Stein, Daniel"]
[Black "Picker, Andre"]
[Result "1-0"]
[WhiteElo "1568"]
[BlackElo "1416"]
[PlyCount "81"]

1. d4 d5 2. e4 e6 3. Nc3 Bb4 4. e5 Be7 5. Qg4 g6 6. Nf3 h6 7. Bd3 c6 8. Ne2 Na6
9. c3 Nc7 10. h4 b6 11. Nf4 h5 12. Qg3 Nh6 13. Nxg6 fxg6 14. Qxg6+ Nf7 15. Ng5
Bxg5 16. Bxg5 Qd7 17. Bf6 Rf8 18. Qxh5 c5 19. Bg6 cxd4 20. cxd4 Qb5 21. Bg7
Qb4+ 22. Kf1 Ba6+ 23. Kg1 O-O-O 24. Bxf8 Rxf8 25. Bxf7 Qxb2 26. Kh2 Qxd4 27.
Qg5 Kb7 28. Bh5 Rxf2 29. Bf3 Qb2 30. Kg3 Bd3 31. Rac1 Rc2 32. Rxc2 Bxc2 33. Rc1
Ka6 34. Be2+ b5 35. Qe3 d4 36. Qd2 Qa3+ 37. Kh2 d3 38. Bxd3 Bxd3 39. Rxc7 b4
40. Qf2 Ka5 41. Qc5+ 1-0

[Event "2. Offene Bochumer StEM 2011"]
[Site "?"]
[Date "2011.10.06"]
[Round "5.16"]
[White "Schüler, Bernd"]
[Black "Säglitz, Patrick"]
[Result "0-1"]
[WhiteElo "1476"]
[BlackElo "1302"]
[PlyCount "104"]

1. e4 c5 2. d4 cxd4 3. Nf3 d6 4. Nxd4 Nf6 5. Nc3 a6 6. Bg5 e6 7. Bxf6 Qxf6 8.
Be2 Nc6 9. Nf3 b5 10. O-O Be7 11. a3 O-O 12. Bd3 Bb7 13. Re1 Rac8 14. Bf1 Rfd8
15. Nd2 Nd4 16. Bd3 e5 17. Ne2 Ne6 18. b4 d5 19. Ng3 d4 20. Ne2 h5 21. Nf1 Qg6
22. Nfg3 Bd6 23. Kh1 Rd7 24. Nf1 h4 25. f3 Ng5 26. Ng1 Rdc7 27. g3 Qh6 28. g4
Ne6 29. Nh3 Nf4 30. Nxf4 Qxf4 31. Kg2 Bc6 32. h3 Bd7 33. Qc1 Qxc1 34. Rexc1 Be7
35. Ra2 Be6 36. Rb2 Rc3 37. Rd1 Bg5 38. Kf2 Bc4 39. Bxc4 R8xc4 40. Rd3 Rxc2+
41. Rxc2 Rxc2+ 42. Ke1 Bf4 43. Nd2 Bxd2+ 44. Rxd2 Rxd2 45. Kxd2 Kh7 46. Kd3 Kg6
47. f4 exf4 48. Kxd4 f6 49. Kd3 Kf7 50. Ke2 Ke6 51. Kf3 Ke5 52. g5 fxg5 0-1

[Event "2. Offene Bochumer StEM 2011"]
[Site "?"]
[Date "2011.10.13"]
[Round "6.1"]
[White "Melmer, Felix"]
[Black "Bartel, Mario"]
[Result "0-1"]
[WhiteElo "1907"]
[BlackElo "2057"]
[PlyCount "98"]

1. f4 d5 2. Nf3 Nf6 3. e3 g6 4. d4 Bg7 5. Bd3 O-O 6. c3 b6 7. Qe2 Bb7 8. Nbd2
c5 9. Ne5 e6 10. g4 Ne4 11. g5 f6 12. gxf6 Bxf6 13. Qg4 Bh4+ 14. Ke2 Qe7 15.
Rg1 Bf6 16. Ndf3 Nc6 17. Bd2 Bg7 18. Be1 cxd4 19. exd4 Nf6 20. Nxc6 Bxc6 21.
Qg5 Qe8 22. Ne5 Bb5 23. Bh4 Ne4 24. Qg4 Bxe5 25. fxe5 Bxd3+ 26. Kxd3 Rf2 27.
Rg2 Qb5+ 28. Ke3 Rf5 29. Be7 Rc8 30. h4 Rc7 31. Ba3 Rcf7 32. Qe2 Rf3+ 33. Qxf3
Rxf3+ 34. Kxf3 Qd3+ 35. Kf4 Qh3 36. Rag1 Qxh4+ 37. Kf3 Qh3+ 38. Ke2 Qh5+ 39.
Kd3 Qf3+ 40. Kc2 Nf2 41. Kb3 Nh3 42. Rxg6+ hxg6 43. Rxg6+ Kh7 44. Rxe6 Qd1+ 45.
Kb4 Qd3 46. Rc6 Nf4 47. Rc7+ Kg6 48. Kb3 Ne6 49. Re7 Nxd4+ 0-1

[Event "2. Offene Bochumer StEM 2011"]
[Site "?"]
[Date "2011.10.13"]
[Round "6.2"]
[White "Herrmann, Uwe"]
[Black "Goralski, Christian"]
[Result "1-0"]
[WhiteElo "1894"]
[BlackElo "2074"]
[PlyCount "75"]

1. d4 d5 2. Nf3 Nf6 3. c4 dxc4 4. e3 e6 5. Bxc4 c5 6. O-O a6 7. Nc3 b5 8. Bb3
Bb7 9. Qe2 Nbd7 10. Rd1 Bd6 11. e4 cxd4 12. Rxd4 Bc5 13. Rd3 Qb6 14. Bf4 Rd8
15. Rad1 O-O 16. e5 Ng4 17. Nd4 Nb8 18. Qxg4 Rxd4 19. Rg3 g6 20. Rxd4 Bxd4 21.
Nd1 Nd7 22. Qg5 Qc5 23. Qh6 Re8 24. Rh3 Nf8 25. Qg5 Bd5 26. Ne3 Bxe3 27. Bxe3
Qb4 28. Bd2 Qe4 29. Rc3 Qb1+ 30. Rc1 Qxb2 31. h4 Bxb3 32. axb3 Qd4 33. h5 Qe4
34. h6 Qf5 35. Qe3 Nd7 36. Bc3 Rc8 37. Rd1 Nc5 38. Qxc5 1-0

[Event "2. Offene Bochumer StEM 2011"]
[Site "?"]
[Date "2011.10.13"]
[Round "6.3"]
[White "Jellinghaus, Lars"]
[Black "Pewny, Uwe"]
[Result "0-1"]
[WhiteElo "2084"]
[BlackElo "2187"]
[PlyCount "82"]

1. d4 d5 2. Nf3 Nf6 3. c4 e6 4. Nc3 Be7 5. cxd5 exd5 6. Bg5 c6 7. Qc2 g6 8. e4
Nxe4 9. Bxe7 Kxe7 10. Nxe4 dxe4 11. Qxe4+ Be6 12. Bc4 Qa5+ 13. Nd2 Re8 14. Qe5
Qxe5+ 15. dxe5 Nd7 16. f4 Nc5 17. O-O-O Rad8 18. Bxe6 fxe6 19. Rhf1 Rf8 20. g3
g5 21. fxg5 Nd3+ 22. Kc2 Nxe5 23. Rxf8 Rxf8 24. Ne4 Rf5 25. h4 Nc4 26. Re1 Re5
27. Re2 Nd6 28. Nc3 Rf5 29. Rd2 e5 30. Kd3 b5 31. Re2 Ke6 32. b3 Rf3+ 33. Re3
Rf1 34. Ne4 Nf5 35. Re2 Rf3+ 36. Kd2 Nxg3 37. Nxg3 Rxg3 38. Rf2 Kd5 39. Rf8 Rg4
40. Rh8 Rxh4 41. g6 Rd4+ 0-1

[Event "2. Offene Bochumer StEM 2011"]
[Site "?"]
[Date "2011.10.13"]
[Round "6.4"]
[White "Kiese, Matthias"]
[Black "Müller, Falk"]
[Result "1/2-1/2"]
[WhiteElo "2104"]
[BlackElo "2016"]
[PlyCount "136"]

1. d4 f5 2. g3 e6 3. Bg2 Nf6 4. Nf3 Be7 5. O-O O-O 6. c4 d5 7. b3 c6 8. Ba3
Bxa3 9. Nxa3 Qe7 10. Nc2 Nbd7 11. Nce1 Ne4 12. Nd3 Ndf6 13. Nfe5 Bd7 14. Qc2
Be8 15. e3 Nd7 16. Rac1 g5 17. Nxd7 Qxd7 18. Ne5 Qg7 19. f3 Nf6 20. e4 Nd7 21.
exd5 Nxe5 22. dxe5 Qxe5 23. f4 gxf4 24. gxf4 Qd4+ 25. Qf2 Qxf2+ 26. Kxf2 exd5
27. cxd5 Rd8 28. Rfd1 Kg7 29. dxc6 Bxc6 30. Bxc6 bxc6 31. Kf3 Rxd1 32. Rxd1 Rf7
33. Rd6 Rc7 34. Ke3 Re7+ 35. Kf3 Rc7 36. Re6 Kf7 37. Re5 Kf6 38. Rc5 Kg6 39. b4
a6 40. a3 Kf6 41. Ke3 Re7+ 42. Kd3 Re6 43. Ra5 Re4 44. Rxa6 Rxf4 45. Rxc6+ Kg5
46. Rc3 Rh4 47. b5 Rxh2 48. Rb3 Rh3+ 49. Kc4 Rxb3 50. Kxb3 f4 51. Kc3 Kg4 52.
b6 f3 53. Kd2 Kh3 54. Ke3 Kg2 55. b7 f2 56. b8=Q f1=Q 57. Qg8+ Kh3 58. Qxh7+
Kg4 59. Qg6+ Kh4 60. Qe4+ Kg5 61. Qe5+ Kg6 62. Qg3+ Kf6 63. Qd6+ Kf7 64. Qd7+
Kf6 65. Qd4+ Ke7 66. Qb4+ Kd7 67. a4 Qh3+ 68. Kd2 Qg2+ 1/2-1/2

[Event "2. Offene Bochumer StEM 2011"]
[Site "?"]
[Date "2011.10.13"]
[Round "6.5"]
[White "Sondermann, Dirk"]
[Black "Quast, Marcel"]
[Result "0-1"]
[WhiteElo "1788"]
[BlackElo "2142"]
[PlyCount "102"]

1. d4 f5 2. c4 Nf6 3. Nf3 d6 4. g3 g6 5. Bg2 Bg7 6. O-O O-O 7. Nc3 Qe8 8. b3
Na6 9. Ba3 Rb8 10. Rc1 c5 11. d5 Nc7 12. Bb2 b5 13. Nd2 bxc4 14. Nxc4 Bb7 15.
Qd2 Qf7 16. Rcd1 Ba6 17. Na5 Rfc8 18. Nc6 Rb7 19. Na5 Rb6 20. Rfe1 Nb5 21. Na4
Rbb8 22. Nc6 Rb7 23. Qa5 Nc7 24. Bxf6 Bxf6 25. e4 Bb5 26. exf5 gxf5 27. Qd2
Bxc6 28. dxc6 Rb4 29. Qc2 Bd4 30. Rd3 e5 31. Rf3 f4 32. gxf4 exf4 33. Bh3 Rf8
34. Kh1 Kh8 35. Rg1 Rg8 36. Rxg8+ Kxg8 37. a3 Rb8 38. Bf1 Qf6 39. Qd2 Be5 40.
Qd3 Qg6 41. Bh3 Qxd3 42. Rxd3 Kf7 43. Kg2 Ne6 44. Bf5 Rc8 45. Rh3 Rxc6 46.
Bxe6+ Kxe6 47. Rxh7 Ra6 48. Rh6+ Kd5 49. Rh5 Kd4 50. Nb2 Rxa3 51. Nc4 Rxb3 0-1

[Event "2. Offene Bochumer StEM 2011"]
[Site "?"]
[Date "2011.10.13"]
[Round "6.6"]
[White "Winterkamp, Sascha"]
[Black "Mancic, Ivan"]
[Result "0-1"]
[WhiteElo "1942"]
[BlackElo "1976"]
[PlyCount "89"]

1. d4 e6 2. Nf3 f5 3. h3 Nf6 4. g4 g6 5. Bg5 Bg7 6. c3 O-O 7. gxf5 exf5 8. Qb3+
d5 9. Nbd2 Qd6 10. Bxf6 Bxf6 11. O-O-O Kg7 12. h4 a5 13. h5 a4 14. Qc2 Be6 15.
hxg6 hxg6 16. Bg2 a3 17. b4 Nd7 18. Nb3 b6 19. Qd2 Rh8 20. Ng5 Bxg5 21. Qxg5
Nf6 22. Rdg1 Bf7 23. Bf3 Rad8 24. Rxh8 Rxh8 25. Kc2 Qe6 26. Qf4 Ne4 27. Bxe4
Qxe4+ 28. Qxe4 dxe4 29. Kd2 Rh2 30. Ke3 Rh3+ 31. Kd2 Kf6 32. Nc1 Rh2 33. Rf1 f4
34. f3 e3+ 35. Kd3 b5 36. Ke4 g5 37. d5 Rh8 38. Nd3 Rd8 39. Nxf4 gxf4 40. Kxf4
Bxd5 41. Kxe3 Bc4 42. Rh1 Re8+ 43. Kf4 Rxe2 44. Rh6+ Ke7 45. Rh7+ 0-1

[Event "2. Offene Bochumer StEM 2011"]
[Site "?"]
[Date "2011.10.13"]
[Round "6.7"]
[White "Gawlick, Joachim"]
[Black "Klüting, Reiner"]
[Result "1/2-1/2"]
[WhiteElo "1865"]
[BlackElo "1939"]
[PlyCount "50"]

1. d4 Nf6 2. Nf3 d5 3. c4 c6 4. Nc3 Nbd7 5. g3 e6 6. Bg2 Bd6 7. O-O O-O 8. b3
Qe7 9. cxd5 exd5 10. a3 a5 11. Re1 Ne4 12. Nxe4 dxe4 13. Ng5 f5 14. Nh3 Nb6 15.
Bg5 Qc7 16. f3 f4 17. Bxf4 Bxh3 18. Bxd6 Qxd6 19. Bxh3 Qh6 20. Bg2 Qe3+ 21. Kh1
Rad8 22. fxe4 Rxd4 23. Qc1 Rd2 24. Ra2 Rfd8 25. Rxd2 Qxd2 1/2-1/2

[Event "2. Offene Bochumer StEM 2011"]
[Site "?"]
[Date "2011.10.13"]
[Round "6.8"]
[White "Ulrich, Robin"]
[Black "Budszuhn, Timo"]
[Result "0-1"]
[WhiteElo "1532"]
[BlackElo "1938"]
[PlyCount "58"]

1. e4 e5 2. Nf3 Nc6 3. d4 exd4 4. Bc4 Bb4+ 5. c3 dxc3 6. bxc3 Ba5 7. Qb3 Qe7 8.
O-O Bb6 9. Bg5 Na5 10. Bxe7 Nxb3 11. axb3 Nxe7 12. e5 O-O 13. Nbd2 d5 14. exd6
cxd6 15. Rfe1 Bd8 16. Rad1 d5 17. Bf1 Nf5 18. Nb1 Be6 19. Nd4 Nxd4 20. Rxd4 Bf6
21. Rd3 Rac8 22. g3 Rfd8 23. Bg2 Kf8 24. Rc1 a5 25. c4 dxc4 26. Rxd8+ Rxd8 27.
bxc4 b6 28. c5 bxc5 29. Rxc5 Rd1+ 0-1

[Event "2. Offene Bochumer StEM 2011"]
[Site "?"]
[Date "2011.10.13"]
[Round "6.10"]
[White "Berens, Thomas"]
[Black "Domnik, Roland"]
[Result "1-0"]
[WhiteElo "1891"]
[BlackElo "1697"]
[PlyCount "73"]

1. d4 g6 2. c4 Bg7 3. Nc3 e6 4. g3 d5 5. Bg2 Ne7 6. Nf3 O-O 7. O-O dxc4 8. Qa4
Nd7 9. Qxc4 Nb6 10. Qb3 c6 11. Rd1 Ned5 12. e4 Nxc3 13. bxc3 Kh8 14. Ba3 Re8
15. Ne5 Qc7 16. Nd3 Nd7 17. e5 Bf8 18. Bxf8 Rxf8 19. Qa3 b6 20. Qd6 Qxd6 21.
exd6 Bb7 22. c4 Rfe8 23. f4 f6 24. Re1 Kg7 25. Re3 Kf7 26. Rae1 a5 27. Bh3 f5
28. Bg2 Rab8 29. d5 cxd5 30. cxd5 Nf8 31. d7 Red8 32. dxe6+ Ke7 33. Bxb7 Rxb7
34. Ne5 Rc7 35. Nf7 Rb8 36. d8=Q+ Rxd8 37. Nxd8 1-0

[Event "2. Offene Bochumer StEM 2011"]
[Site "?"]
[Date "2011.10.13"]
[Round "6.11"]
[White "Jedner, Volker"]
[Black "Meise, Ulrich"]
[Result "0-1"]
[WhiteElo "1793"]
[BlackElo "1890"]
[PlyCount "121"]

1. d4 d5 2. Nf3 e6 3. c4 dxc4 4. e4 Nf6 5. Nc3 Be7 6. Bxc4 c6 7. O-O O-O 8. Bg5
Nbd7 9. Rc1 h6 10. Bh4 Nxe4 11. Bxe7 Nxc3 12. Bxd8 Nxd1 13. Be7 Nxb2 14. Bxf8
Kxf8 15. Bb3 Nd3 16. Rc3 Nf4 17. Re1 Nb6 18. Ne5 Nbd5 19. Rf3 f6 20. Bxd5 Nxd5
21. Ng6+ Kg8 22. Rc1 Bd7 23. Nf4 Nxf4 24. Rxf4 b5 25. Rc3 a5 26. Rg3 Kf7 27.
Rfg4 g5 28. Rc3 a4 29. Rgg3 Rb8 30. Ra3 Rd8 31. Rgd3 Be8 32. Rac3 Rd6 33. g4
Kg7 34. Rc1 Bg6 35. Rdd1 Be4 36. h3 Kg6 37. a3 h5 38. gxh5+ Kxh5 39. f3 Bd5 40.
Kg2 Kg6 41. Kf2 Rd7 42. Kg3 Rh7 43. Re1 f5 44. Rxc6 f4+ 45. Kg2 Bxc6 46. Rxe6+
Kh5 47. Rxc6 Rd7 48. h4 Rxd4 49. hxg5 Rd2+ 50. Kf1 Kxg5 51. Rc5+ Kh4 52. Rxb5
Ra2 53. Rb4 Rxa3 54. Rxf4+ Kg3 55. Rc4 Kxf3 56. Ke1 Ke3 57. Kd1 Kd3 58. Rc8
Ra1+ 59. Rc1 Ra2 60. Rc8 a3 61. Kc1 0-1

[Event "2. Offene Bochumer StEM 2011"]
[Site "?"]
[Date "2011.10.13"]
[Round "6.12"]
[White "Säglitz, Patrick"]
[Black "Bautz, Volker"]
[Result "0-1"]
[WhiteElo "1302"]
[BlackElo "1826"]
[PlyCount "24"]

1. e4 c5 2. Nf3 d6 3. d4 cxd4 4. Nxd4 Nf6 5. Nc3 g6 6. Be3 Bg7 7. f3 O-O 8. Bc4
Nc6 9. Qd2 Bd7 10. O-O-O Rc8 11. Kb1 Nxd4 12. Qxd4 Ng4 0-1

[Event "2. Offene Bochumer StEM 2011"]
[Site "?"]
[Date "2011.10.13"]
[Round "6.13"]
[White "Tuscher, Albin"]
[Black "Stein, Daniel"]
[Result "1/2-1/2"]
[WhiteElo "1673"]
[BlackElo "1568"]
[PlyCount "46"]

1. e4 e6 2. d4 d5 3. e5 c5 4. c3 Nc6 5. f4 Nh6 6. Nf3 f6 7. Bd3 Nf7 8. O-O Bd7
9. Be3 c4 10. Bc2 Qb6 11. b3 cxb3 12. axb3 Na5 13. Na3 Rc8 14. Bd2 Nc6 15. Kh1
Be7 16. Bd3 O-O 17. Nc2 Na5 18. Rb1 Qc7 19. Ne3 b5 20. Qe1 fxe5 21. fxe5 Ng5
22. Nxg5 Bxg5 23. b4 Bxe3 1/2-1/2

[Event "2. Offene Bochumer StEM 2011"]
[Site "?"]
[Date "2011.10.13"]
[Round "6.14"]
[White "Ishar, Bing"]
[Black "Picker, Andre"]
[Result "0-1"]
[WhiteElo "1474"]
[BlackElo "1416"]
[PlyCount "74"]

1. d4 d5 2. c4 dxc4 3. Nc3 e6 4. e4 Nf6 5. Bxc4 c6 6. Nf3 Nbd7 7. O-O Bb4 8.
Qc2 Nb6 9. Bd3 h6 10. Bf4 Be7 11. Rfd1 Nh5 12. Be3 Bg5 13. Nxg5 hxg5 14. d5 Nf4
15. dxc6 Qc7 16. g3 Nh3+ 17. Kg2 bxc6 18. Be2 e5 19. Nb5 Qb8 20. Qxc6+ Bd7 21.
Nd6+ Ke7 22. Qc5 Kf6 23. Nf5 Kg6 24. Rd6+ f6 25. Qxe5 Qb7 26. Qc5 Rac8 27. Ne7+
Kh7 28. Nxc8 Rxc8 29. Qd4 Bf5 30. Bd3 Re8 31. Rc1 g4 32. Rcc6 Bg6 33. f3 Nc8
34. Re6 Rxe6 35. Rxe6 f5 36. fxg4 fxg4 37. Qc3 Qf7 0-1